|
|
|
|
| LEADER |
01390nam a22002897a 4500 |
| 001 |
45716 |
| 003 |
BD-DhAAL |
| 005 |
20260503151906.0 |
| 008 |
260430t2025 bg a|||| |||| 00| 0 ben d |
| 020 |
|
|
|a 9789849619024
|
| 040 |
|
|
|a BD-DhAAL
|c BD-DhAAL
|
| 041 |
0 |
|
|a ben
|
| 082 |
|
|
|a 320.95492
|2 23
|
| 245 |
0 |
0 |
|a রক্তাক্ত জুলাই ২০২৪ /
|c সম্পাদক, মোঃ আল আমিন.
|
| 246 |
3 |
3 |
|a Roktakto july
|
| 260 |
|
|
|a ঢাকা :
|b সৃজনী,
|c ২০২৫.
|
| 300 |
|
|
|a ৩২০ পৃষ্ঠা ;
|b চিত্র ;
|c ২২ সে.মি.
|
| 504 |
|
|
|a গ্রন্থপঞ্জীগত নির্দেশিকা অন্তর্ভুক্ত।
|
| 526 |
|
|
|a BIGD
|x Nazim uddin Manager,
Admin and logistics BIGD
BRAC University.
Course Name and No.: N/A
|
| 541 |
|
|
|a Srizoni
|e 45716
|
| 650 |
|
|
|a Political atrocities
|z Bangladesh.
|9 18071
|
| 651 |
|
|
|a Bangladesh
|x Politics and government.
|
| 651 |
|
|
|a Bangladesh
|x Politics and government
|y 2024-
|9 57233
|
| 700 |
1 |
|
|a মোঃ আল আমিন.
|9 60459
|
| 942 |
|
|
|c BK
|2 ddc
|
| 999 |
|
|
|c 47894
|d 47894
|
| 952 |
|
|
|0 0
|1 0
|2 ddc
|4 0
|6 320_954920000000000_ROK
|7 0
|9 79149
|a BIGD
|b BIGD
|d 2026-04-20
|e Srizoni Prokashoni
|g 450.00
|l 0
|o 320.95492 ROK
|p 3050045716
|r 2026-04-20
|t 1
|v 900.00
|w 2026-04-20
|y BK
|x Requisitioned by Nazim uddin Manager, Admin and logistics BIGD, BRAC University.
|